000 01579nam a22004097a 4500
003 CHAP
005 20220329143508.0
008 100210s2009 mx r 00010 spa d
010 _a97526
011 _a98498
035 _a109183
040 _cCHAP
090 _aTesis
100 1 _aPalma Cruz, Jaime Jesus
_984942
245 1 0 _aEvaluación de la fertilidad de ovejas Coopworth utilizando semen fresco de carneros Poll Dorset o Charollais
_c/por Jaime Jesus Palma Cruz
260 _aChapingo, Méx. :
_bEl autor,
_c2009
300 _avi, 52 h. :
_bilus., cuadros, gráfs.
502 _aTesis (Ing. Agr. Esp. en Zootecnia) -- UACH. Departamento de Zootecnia
530 _aTambién disponible en línea
590 _aALEPH
_b10
_c20130110
_lUCH01
_h1532
590 _aBATCH-UPD
_b10
_c20130110
_lUCH01
_h0918
590 _aBATCH-UPD
_b10
_c20130410
_lUCH01
_h0540
590 _aBATCH-UPD
_b10
_c20130914
_lUCH01
_h0932
590 _aBATCH-UPD
_b10
_c20140324
_lUCH01
_h1514
590 _aBATCH-UPD
_b10
_c20141002
_lUCH01
_h0841
590 _aCONVERSION
_b10
_c20130109
_lUCH01
_h1354
650 1 4 _aCiclo estrual.
_923072
650 1 4 _aGanado lanar
_xFecundidad.
_945181
650 1 4 _aGanado lanar
_xRazas.
_945218
650 1 4 _aInseminación artificial.
_958964
650 1 4 _aSemen
_xGanado lanar.
_9103863
856 _3Finding aid
_uhttp://10.13.5.2/tesis/109183.pdf
_zTeclea aqui
901 _aBK
942 _cFOLL
949 _aTesis
_bBC
_cTES
_d33724002137090
_eTS1
_gDonaciØn
_h49993
_i109183
_sb
949 _aTesis
_bBC
_cTES
_d33724002137132
_eTS2
_fc.2
_gDonaciØn
_h49994
_i109183
_sb
999 _c97526
_d97526